000 00454nam a22001337a 4500
999 _c80286
_d80286
008 201130b ||||| |||| 00| 0 eng d
040 _bger
_cSTAFF
_erda
_aSTAFF
245 _aDer neue Stadtgutschein ist da/
_crmk
773 _dFrankfurt (Oder): Märkisches Verlags- und Druckhaus GmbH & Co KG
_g31. Jahrgang (2020) Nr. 283 vom 04.12.2020, S. 13
_tMärkische Oderzeitung
942 _cA